<?xml version="1.0" encoding="UTF-8"?>
<collection xmlns="http://www.loc.gov/MARC21/slim">
 <record>
  <leader>01223nam a2200205Ia 4500</leader>
  <controlfield tag="001">TDMU_20164</controlfield>
  <controlfield tag="008">210410s9999    xx            000 0 und d</controlfield>
  <datafield tag="082" ind1=" " ind2=" ">
   <subfield code="a">895.9228008</subfield>
  </datafield>
  <datafield tag="090" ind1=" " ind2=" ">
   <subfield code="b">H452</subfield>
  </datafield>
  <datafield tag="100" ind1=" " ind2=" ">
   <subfield code="a">Hội Văn học nghệ thuật Bình Dương</subfield>
  </datafield>
  <datafield tag="245" ind1=" " ind2="0">
   <subfield code="a">Kỷ yếu 20 năm (1986 - 2006) văn học nghệ thuật Bình Dương</subfield>
  </datafield>
  <datafield tag="245" ind1=" " ind2="0">
   <subfield code="c">Hội Văn học nghệ thuật Bình Dương</subfield>
  </datafield>
  <datafield tag="260" ind1=" " ind2=" ">
   <subfield code="a">Tp. Hồ Chí Minh.</subfield>
  </datafield>
  <datafield tag="260" ind1=" " ind2=" ">
   <subfield code="b">Trẻ</subfield>
  </datafield>
  <datafield tag="260" ind1=" " ind2=" ">
   <subfield code="c">2007</subfield>
  </datafield>
  <datafield tag="300" ind1=" " ind2=" ">
   <subfield code="a">899 tr.</subfield>
  </datafield>
  <datafield tag="520" ind1=" " ind2=" ">
   <subfield code="a">Gồm tập hợp các sáng tác, tác phẩm văn học - nghệ thuật của các tác giả trong tỉnh viết trong suốt chặng đường hoạt động ở các chuyên ngành văn học nghệ thuật nhằm kỷ niệm Hội Văn học nghệ thuật Tỉnh Bình Dương tròn 20 năm tuổi.</subfield>
  </datafield>
  <datafield tag="650" ind1=" " ind2=" ">
   <subfield code="a">Bình Dương</subfield>
   <subfield code="x">Văn học nghệ thuật</subfield>
   <subfield code="v">Kỷ yếu</subfield>
   <subfield code="y">(1986 - 2006); Văn học nghệ thuật</subfield>
   <subfield code="z">Bình Dương</subfield>
   <subfield code="v">Kỷ yếu</subfield>
   <subfield code="y">(1986 - 2006)</subfield>
  </datafield>
  <datafield tag="856" ind1=" " ind2=" ">
   <subfield code="u">http://lrc.tdmu.edu.vn/opac/search/detail.asp?aID=2&amp;ID=20164</subfield>
  </datafield>
  <datafield tag="980" ind1=" " ind2=" ">
   <subfield code="a">Trung tâm Học liệu Trường Đại học Thủ Dầu Một</subfield>
  </datafield>
 </record>
</collection>
